00452nam a2200157Ia 450000500170000000800410001708200130005810000200007124500260009126000340011730000130015165000100016494200060017495200990018099900150027920250508071727.0240331s9999 xx 000 0 und d bTHAa891 aThamaraichelvi, 0aVinnil alla vidivelli aJaffnabMeera Veliyeeduc1992 a114 p ., aNovel cL 001040708LaWERCLbWERCLcSSCd2024-03-31l0o 894.811 THAp2310r2024-03-31w2024-03-31yL c4290d4290